000 00251nam a2200109Ia 4500
008 240625s9999 xx 000 0 und d
041 _aeng
082 _a658.4022 DUA
100 _aDUARTE DEBORAH L
245 _aMASTERING VIRTUAL TEAMS
260 _c2006
999 _c35190
_d35190